000 01004nam a2200253 a 4500
001 84208
003 BD-RjUL
005 20241031165943.0
008 241031s2017 bg a|||| m||| 00| 0 eng d
035 _a(BD-RjUL)84208
040 _aBD-RjUL
_beng
_cBD-RjUL
_dBD-RjUL
041 _aeng
082 _223
_a339.46095492
_bHOM 2017
100 _aHossain, Md. Alamgir
_914035
245 1 0 _aModeling of micro-crdit to alleviate rural poverty of Bangladesh /
_cBy Md. Alamgir Hossain ;
_6Supervisor : Md. Nurul Islam, Co-Supervisor : Md. Monsur Rahman
260 _aRajshahi :
_bDepartment of Statistics, University of Rajshahi,
_c2017
300 _axviii, 114 leaves :
_bill, ;
_c30.cm.
502 _aThesis (M. Phil.) -- Department of Statistics, University of Rajshahi, 2017
504 _aReferences : Leaves 90 - 103
650 _aPoverty
_vAlleviate rural
_zBangladesh
_914036
700 _aIslam, Md. Nurul, Supervisor
_91185
700 _aRahman, Md. Monsur, Co-Supervisor
_914037
942 _2ddc
_cTHE
999 _c84208
_d84208